Sports Quiz

Random Sports or WWE Quiz

Name ALL the WWE Hardcore Champions Quiz Stats

 Plays Quiz not verified by Sporcle

Challenge
Share
Tweet
Embed
Score 0/234 Timer 20:00
0 Plays Today
Number Superstar/Diva % Correct
1Mankind
97.6%
36Godfather's Ho
95.8%
4Bob Holly
95.3%
6Hardcore Holly
95.3%
27Hardcore Holly
95.3%
60Bob Holly
95.3%
62Bob Holly
95.3%
64Bob Holly
95.3%
15Crash Holly
94.8%
17Crash Holly
94.8%
26Crash Holly
94.8%
28Crash Holly
94.8%
31Crash Holly
94.8%
33Crash Holly
94.8%
35Crash Holly
94.8%
37Crash Holly
94.8%
39Crash Holly
94.8%
42Crash Holly
94.8%
44Crash Holly
94.8%
48Crash Holly
94.8%
55Crash Holly
94.8%
58Crash Holly
94.8%
133Crash Holly
94.8%
137Crash Holly
94.8%
140Crash Holly
94.8%
146Crash Holly
94.8%
174Crash Holly
94.8%
178Crash Holly
94.8%
182Crash Holly
94.8%
232Crash Holly
94.8%
32Matt Hardy
91%
83Jeff Hardy
91%
85Jeff Hardy
91%
209Jeff Hardy
91%
75Kane
90.6%
139Booker T
90.1%
141Booker T
90.1%
2The Big Boss Man
89.6%
8The Big Boss Man
89.6%
10The Big Boss Man
89.6%
13The Big Boss Man
89.6%
89The Undertaker
88.2%
84Rob Van Dam
86.8%
86Rob Van Dam
86.8%
88Rob Van Dam
86.8%
234Rob Van Dam
86.8%
51Raven
86.3%
53Raven
86.3%
56Raven
86.3%
59Raven
86.3%
61Raven
86.3%
66Raven
86.3%
68Raven
86.3%
70Raven
86.3%
72Raven
86.3%
74Raven
86.3%
99Raven
86.3%
103Raven
86.3%
107Raven
86.3%
117Raven
86.3%
122Raven
86.3%
125Raven
86.3%
144Raven
86.3%
150Raven
86.3%
153Raven
86.3%
158Raven
86.3%
161Raven
86.3%
173Raven
86.3%
201Raven
86.3%
197Raven
86.3%
205Raven
86.3%
225Raven
86.3%
63Raven
85.4%
73The Big Show
85.4%
77The Big Show
85.4%
187The Big Show
85.4%
94Spike Dudley
84.4%
110Spike Dudley
84.4%
Number Superstar/Diva % Correct
114Spike Dudley
84.4%
162Spike Dudley
84.4%
166Spike Dudley
84.4%
170Spike Dudley
84.4%
186Spike Dudley
84.4%
100Bubba Ray Dudley
84%
104Bubba Ray Dudley
84%
108Bubba Ray Dudley
84%
112Bubba Ray Dudley
84%
116Bubba Ray Dudley
84%
120Bubba Ray Dudley
84%
123Bubba Ray Dudley
84%
126Bubba Ray Dudley
84%
143Bubba Ray Dudley
84%
3Road Dogg
82.5%
97Christian
81.6%
160Bradshaw
81.1%
164Bradshaw
81.1%
168Bradshaw
81.1%
172Bradshaw
81.1%
176Bradshaw
81.1%
180Bradshaw
81.1%
184Bradshaw
81.1%
188Bradshaw
81.1%
191Bradshaw
81.1%
194Bradshaw
81.1%
196Bradshaw
81.1%
200Bradshaw
81.1%
204Bradshaw
81.1%
208Bradshaw
81.1%
212Bradshaw
81.1%
214Bradshaw
81.1%
231Bradshaw
81.1%
5Billy Gunn
80.7%
71Billy Gunn
80.7%
7Al Snow
80.2%
9Al Snow
80.2%
12Al Snow
80.2%
52Al Snow
80.2%
65Al Snow
80.2%
92Al Snow
80.2%
19Viscera
79.7%
46Shane McMahon
79.7%
78Chris Jericho
79.7%
14Test
78.3%
80Test
78.3%
43Steve Blackman
76.9%
45Steve Blackman
76.9%
47Steve Blackman
76.9%
50Steve Blackman
76.9%
67Steve Blackman
76.9%
69Steve Blackman
76.9%
90Maven
75%
93Maven
75%
98Maven
75%
118Tommy Dreamer
74.1%
128Tommy Dreamer
74.1%
149Tommy Dreamer
74.1%
152Tommy Dreamer
74.1%
157Tommy Dreamer
74.1%
211Tommy Dreamer
74.1%
213Tommy Dreamer
74.1%
215Tommy Dreamer
74.1%
218Tommy Dreamer
74.1%
221Tommy Dreamer
74.1%
224Tommy Dreamer
74.1%
227Tommy Dreamer
74.1%
230Tommy Dreamer
74.1%
233Tommy Dreamer
74.1%
87Kurt Angle
71.2%
91Goldust
71.2%
102Goldust
71.2%
106Goldust
71.2%
111Goldust
71.2%
115Goldust
71.2%
121Goldust
71.2%
124Goldust
71.2%
129Goldust
71.2%
Number Superstar/Diva % Correct
18Tazz
70.3%
25Tazz
70.3%
30Tazz
70.3%
76Rhyno
68.9%
79Rhyno
68.9%
81Rhyno
68.9%
95The Hurricane
66.5%
29Perry Saturn
66%
49Perry Saturn
66%
119Steven Richards
65.1%
127Steven Richards
65.1%
130Steven Richards
65.1%
134Steven Richards
65.1%
136Steven Richards
65.1%
138Steven Richards
65.1%
142Steven Richards
65.1%
148Steven Richards
65.1%
151Steven Richards
65.1%
154Steven Richards
65.1%
156Steven Richards
65.1%
159Steven Richards
65.1%
167Steven Richards
65.1%
171Steven Richards
65.1%
175Steven Richards
65.1%
177Steven Richards
65.1%
181Steven Richards
65.1%
217Steven Richards
65.1%
220Steven Richards
65.1%
223Steven Richards
65.1%
229Steven Richards
65.1%
101William Regal
64.6%
105William Regal
64.6%
109William Regal
64.6%
113William Regal
64.6%
147Trish Stratus
62.7%
41Pat Patterson
60.8%
38Gerald Brisco
60.4%
40Gerald Brisco
60.4%
16Pete Gas
59.9%
24Pete Gas
59.9%
22Joey Abs
56.6%
21Rodney
55.2%
82Mike Awesome
54.7%
11The British Bulldog
53.8%
34The British Bulldog
53.8%
20Funaki
50%
23Thrasher
49.1%
131Shawn Stasiak
47.6%
135Shawn Stasiak
47.6%
163Shawn Stasiak
47.6%
165Shawn Stasiak
47.6%
169Shawn Stasiak
47.6%
190Shawn Stasiak
47.6%
193Shawn Stasiak
47.6%
199Shawn Stasiak
47.6%
203Shawn Stasiak
47.6%
207Shawn Stasiak
47.6%
216Shawn Stasiak
47.6%
219Shawn Stasiak
47.6%
222Shawn Stasiak
47.6%
226Shawn Stasiak
47.6%
228Shawn Stasiak
47.6%
132Justin Credible
46.7%
145Justin Credible
46.7%
185Justin Credible
46.7%
189Justin Credible
46.7%
192Justin Credible
46.7%
198Justin Credible
46.7%
202Justin Credible
46.7%
206Justin Credible
46.7%
155Terri
42%
96Mighty Molly
41%
54K-Kwik
35.8%
57K-Kwik
35.8%
179Christopher Nowinski
34%
183Christopher Nowinski
34%
195Johnny Stamboli
24.5%
210Johnny Stamboli
24.5%

You're not logged in!

Compare scores with friends on all Sporcle quizzes.
OR
Log In

You Might Also Like...

Show Comments

Extras

Top Quizzes Today


Score Distribution

Your Account Isn't Verified!

In order to create a playlist on Sporcle, you need to verify the email address you used during registration. Go to your Sporcle Settings to finish the process.

Report this User

Report this user for behavior that violates our Community Guidelines.

Details: